000
00209 a2200097 4500
001
44541
100
_a
Steel
245
_a
Model Mechanical Engineering
260
_a
London
_b
Cassell
_c
090
_c
28263
_d
28263
942
_a
NUST-CAE
_c
M
_c
20295
999
_c
279614
_d
279614